| 000 | 02553cam a2200325 4500 | ||
|---|---|---|---|
| 001 | ABS68115 | ||
| 008 | 040806n2004 000 0 eng u | ||
| 035 | _a(Sirsi) u127022 | ||
| 245 | _aWestminster City Council v Ocean Leisure Ltd | ||
| 260 | _c2004 | ||
| 490 |
_aRating and Valuation Reporter _v[2004] RVR 219-225(6) |
||
| 520 | _a[ 2004] EWCA Civ 970, 21 July 2004. Appeal by W against LT decision (LCA/30/2003, [2004] RVR 145) allowing a claim for compensation brought by claimant O under the Compulsory Purchase Act 1965 s10 based on diminution in rental value. W appealed asking whether a compensating authority is liable to pay compensation under s10 of the Act in respect of damage caused to a business through the partial obstruction of a nearby highway by erection of hoardings around authorised construction work when those hoardings are in-situ for no longer than nor in greater extent than necessary for those works safely to be undertaken. "Clift and another v Welsh Office" (CA, Abs59941), "Herring v Metropolitan Board of Works" ([1865] 19 CB (NS) 509), " Lingke v Christchurch Corp" (CA [1912] 3 KB 595) considered. Principles of "Wildtree Hotels Ltd and others v Harrow LBC" (HL, Abs62597) were applied. CA recognised the right of an occupier of premises adjoining the highway to erect hoardings to a reasonable extent and for a reasonable time in connection with building works being carried out lawfully. However, it also acknowledged that substantial interference with the public's right to use the highway constituted a public nuisance. A member of the public including an adjoining owner who suffered special damage was entitled to sue the creator of the public nuisance. CA upheld LT decision. Appeal dismissed. View judgment at www.bailii.org. | ||
| 590 | _aABS | ||
| 590 | _aABS | ||
| 590 | _aABS | ||
| 650 | _aWESTMINSTER LBC V OCEAN LEISURE LTD | ||
| 650 | _aCOMPULSORY PURCHASE ACT 1965 S10 | ||
| 650 | _aINJURIOUS AFFECTION | ||
| 650 | _aHOARDINGS | ||
| 650 | _aOBSTRUCTION | ||
| 650 | _aDIMINUTION IN VALUE | ||
| 650 | _aPUBLIC NUISANCE | ||
| 650 | _aHIGHWAY ACCESS | ||
| 650 | _aACCESS | ||
| 690 | _aCOMPULSORY PURCHASE AND COMPENSATION-CASE LAW | ||
| 856 |
_uhttps://www.bailii.org/ew/cases/EWCA/Civ/2004/970.html _zView judgement on the BAILII websiteƯ |
||
| 856 |
_uhttps://www.bailii.org/ew/cases/EWCA/Civ/2004/970.html _zView judgement on the BAILII websiteƯ |
||
| 856 |
_uhttps://www.bailii.org/ew/cases/EWCA/Civ/2004/970.html _zView judgement on the BAILII websiteƯ |
||
| 942 | _n0 | ||
| 999 |
_c117825 _d117825 |
||